<?xml version="1.0" encoding="UTF-8"?>
<record
    xmlns:xsi="http://www.w3.org/2001/XMLSchema-instance"
    xsi:schemaLocation="http://www.loc.gov/MARC21/slim http://www.loc.gov/standards/marcxml/schema/MARC21slim.xsd"
    xmlns="http://www.loc.gov/MARC21/slim">

  <leader>02013nam0a2200385   4500</leader>
  <controlfield tag="001">RU\NLR\BIBL_A\022338947</controlfield>
  <controlfield tag="005">20260408224741.0</controlfield>
  <datafield tag="010" ind1=" " ind2=" ">
    <subfield code="a">978-5-97060-955-2</subfield>
    <subfield code="9">200</subfield>
  </datafield>
  <datafield tag="035" ind1=" " ind2=" ">
    <subfield code="a">(NLR Aleph) 022338947</subfield>
  </datafield>
  <datafield tag="090" ind1=" " ind2=" ">
    <subfield code="a">13538203</subfield>
    <subfield code="c">13538203</subfield>
  </datafield>
  <datafield tag="100" ind1=" " ind2=" ">
    <subfield code="a">20241002d2022    k  y0rusy50      ca</subfield>
  </datafield>
  <datafield tag="101" ind1="0" ind2=" ">
    <subfield code="a">rus</subfield>
    <subfield code="c">eng</subfield>
    <subfield code="d">eng</subfield>
  </datafield>
  <datafield tag="102" ind1=" " ind2=" ">
    <subfield code="a">RU</subfield>
  </datafield>
  <datafield tag="105" ind1=" " ind2=" ">
    <subfield code="a">a   z   001yy</subfield>
  </datafield>
  <datafield tag="181" ind1=" " ind2="0">
    <subfield code="a">i </subfield>
    <subfield code="b">axxe  </subfield>
  </datafield>
  <datafield tag="182" ind1=" " ind2="0">
    <subfield code="a">n</subfield>
  </datafield>
  <datafield tag="200" ind1="1" ind2=" ">
    <subfield code="a">&#x41F;&#x440;&#x43E;&#x435;&#x43A;&#x442;&#x438;&#x440;&#x43E;&#x432;&#x430;&#x43D;&#x438;&#x435; &#x433;&#x438;&#x431;&#x43A;&#x438;&#x445; &#x43F;&#x440;&#x43E;&#x433;&#x440;&#x430;&#x43C;&#x43C;</subfield>
    <subfield code="e">&#x43A;&#x430;&#x43A; &#x43D;&#x435; &#x437;&#x430;&#x433;&#x43D;&#x430;&#x442;&#x44C; &#x441;&#x435;&#x431;&#x44F; &#x432; &#x443;&#x433;&#x43E;&#x43B;</subfield>
    <subfield code="f">&#x41A;&#x440;&#x438;&#x441; &#x425;&#x430;&#x43D;&#x441;&#x43E;&#x43D;, &#x414;&#x436;&#x435;&#x440;&#x430;&#x43B;&#x44C;&#x434; &#x414;&#x436;&#x435;&#x439; &#x421;&#x430;&#x441;&#x441;&#x43C;&#x430;&#x43D;</subfield>
    <subfield code="g">&#x43F;&#x435;&#x440;. &#x441; &#x430;&#x43D;&#x433;&#x43B;. &#x42E;. &#x411;&#x440;&#x43E;&#x43D;&#x43D;&#x438;&#x43A;&#x43E;&#x432;&#x430;</subfield>
  </datafield>
  <datafield tag="203" ind1=" " ind2=" ">
    <subfield code="a">&#x422;&#x435;&#x43A;&#x441;&#x442;</subfield>
    <subfield code="b">&#x432;&#x438;&#x437;&#x443;&#x430;&#x43B;&#x44C;&#x43D;&#x44B;&#x439;</subfield>
    <subfield code="c">&#x43D;&#x435;&#x43F;&#x43E;&#x441;&#x440;&#x435;&#x434;&#x441;&#x442;&#x432;&#x435;&#x43D;&#x43D;&#x44B;&#x439;</subfield>
  </datafield>
  <datafield tag="210" ind1=" " ind2=" ">
    <subfield code="a">&#x41C;&#x43E;&#x441;&#x43A;&#x432;&#x430;</subfield>
    <subfield code="c">&#x414;&#x41C;&#x41A; &#x41F;&#x440;&#x435;&#x441;&#x441;</subfield>
    <subfield code="d">2022</subfield>
  </datafield>
  <datafield tag="215" ind1=" " ind2=" ">
    <subfield code="a">372 &#x441;.</subfield>
    <subfield code="c">&#x438;&#x43B;.</subfield>
    <subfield code="d">24</subfield>
  </datafield>
  <datafield tag="300" ind1=" " ind2=" ">
    <subfield code="a">&#x41F;&#x435;&#x440;. &#x438;&#x437;&#x434;.: Software Design for Flexibility: How to Avoid Programming Yourself into a Corner / Chris Hanson and Gerald Jay Sussman.- London: The MIT Press, 2021</subfield>
  </datafield>
  <datafield tag="300" ind1=" " ind2=" ">
    <subfield code="a">&#x41D;&#x430; 4-&#x439; &#x441;. &#x43E;&#x431;&#x43B;. &#x430;&#x432;&#x442;.: &#x41A;&#x440;&#x438;&#x441; &#x425;&#x430;&#x43D;&#x441;&#x43E;&#x43D; - &#x438;&#x43D;&#x436;&#x435;&#x43D;&#x435;&#x440;, &#x414;&#x436;&#x435;&#x440;&#x430;&#x43B;&#x44C;&#x434; &#x414;&#x436;&#x435;&#x439; &#x421;&#x430;&#x441;&#x441;&#x43C;&#x430;&#x43D; - &#x43F;&#x440;&#x43E;&#x444;.</subfield>
  </datafield>
  <datafield tag="300" ind1=" " ind2=" ">
    <subfield code="a">&#x420;&#x435;&#x437;. &#x430;&#x43D;&#x433;&#x43B;.</subfield>
  </datafield>
  <datafield tag="320" ind1=" " ind2=" ">
    <subfield code="a">&#x411;&#x438;&#x431;&#x43B;&#x438;&#x43E;&#x433;&#x440;.: &#x441;. 347-355 (132 &#x43D;&#x430;&#x437;&#x432;.)</subfield>
  </datafield>
  <datafield tag="320" ind1=" " ind2=" ">
    <subfield code="a">&#x41F;&#x440;&#x435;&#x434;&#x43C;&#x435;&#x442;. &#x443;&#x43A;&#x430;&#x437;.: &#x441;. 357-372</subfield>
  </datafield>
  <datafield tag="454" ind1=" " ind2="0">
    <subfield code="1">2001#$aSoftware Design for Flexibility$eHow to Avoid Programming Yourself into a Corner$fChris Hanson and Gerald Jay Sussman</subfield>
    <subfield code="1">210##$aLondon$cThe MIT Press$d2021</subfield>
    <subfield code="1">700#1$aHanson$bC.$gChris</subfield>
    <subfield code="1">701#1$aSussman$bG. J.$gGerald Jay</subfield>
    <subfield code="t">Software Design for Flexibility</subfield>
    <subfield code="a">Hanson, Chris</subfield>
  </datafield>
  <datafield tag="606" ind1="1" ind2=" ">
    <subfield code="a">SCHEME, &#x44F;&#x437;&#x44B;&#x43A; &#x43F;&#x440;&#x43E;&#x433;&#x440;&#x430;&#x43C;&#x438;&#x440;&#x43E;&#x432;&#x430;&#x43D;&#x438;&#x44F;</subfield>
    <subfield code="9">2216911</subfield>
    <subfield code="3">RU\NLR\AUTH\661331421</subfield>
  </datafield>
  <datafield tag="606" ind1=" " ind2=" ">
    <subfield code="a">&#x41F;&#x440;&#x43E;&#x433;&#x440;&#x430;&#x43C;&#x43C;&#x44B; (&#x43A;&#x43E;&#x43C;&#x43F;&#x44C;&#x44E;&#x442;.)</subfield>
    <subfield code="x">&#x413;&#x438;&#x431;&#x43A;&#x43E;&#x441;&#x442;&#x44C;</subfield>
    <subfield code="3">RU\NLR\AUTH\6601759121</subfield>
    <subfield code="9">2674717</subfield>
  </datafield>
  <datafield tag="686" ind1="1" ind2=" ">
    <subfield code="a">&#x417;973.2-018</subfield>
  </datafield>
  <datafield tag="700" ind1=" " ind2="1">
    <subfield code="a">&#x425;&#x430;&#x43D;&#x441;&#x43E;&#x43D;</subfield>
    <subfield code="b">&#x41A;.</subfield>
    <subfield code="g">&#x41A;&#x440;&#x438;&#x441;</subfield>
  </datafield>
  <datafield tag="701" ind1=" " ind2="1">
    <subfield code="a">&#x421;&#x430;&#x441;&#x441;&#x43C;&#x430;&#x43D;</subfield>
    <subfield code="b">&#x414;&#x436;. &#x414;&#x436;.</subfield>
    <subfield code="f">1947-</subfield>
    <subfield code="g">&#x414;&#x436;&#x435;&#x440;&#x430;&#x43B;&#x44C;&#x434; &#x414;&#x436;&#x435;&#x439;</subfield>
  </datafield>
  <datafield tag="942" ind1=" " ind2=" ">
    <subfield code="c">BOOK</subfield>
  </datafield>
  <datafield tag="980" ind1=" " ind2=" ">
    <subfield code="a">NB</subfield>
  </datafield>
</record>
